Cultural History of India (Record no. 11687)

MARC details
000 -LEADER
fixed length control field 00310nam a2200133 a 4500
020 ## - INTERNATIONAL STANDARD BOOK NUMBER
ISBN 019565204
082 00 - DEWEY DECIMAL CLASSIFICATION NUMBER
Classification number 954.025 BAS
100 ## - MAIN ENTRY--AUTHOR NAME
Author name Basham, A L
245 ## - TITLE STATEMENT
Title Cultural History of India
260 ## - PUBLICATION, DISTRIBUTION, ETC. (IMPRINT)
Place of publication London
Name of publisher Oxford University Press
Year of publication 1994
300 ## - PHYSICAL DESCRIPTION
Number of Pages 585
650 ## - SUBJECT ADDED ENTRY--TOPICAL TERM
Topical Term Histiriography-India
942 ## - ADDED ENTRY ELEMENTS (KOHA)
Koha item type Books
Holdings
Home library Current library Date acquired Cost, normal purchase price Full call number Accession Number Koha item type
Henry Martyn Institute Library Henry Martyn Institute Library 07/07/2017 400.00 954.025 BAS1 015823 Books
Henry Martyn Institute Library Henry Martyn Institute Library 07/07/2017 400.00 954.025 BAS1 016850 Books
                   Copyright © 2026 | Henry Martyn Institute | Hyderabad | TS-500052 | INDIA | Implemented by hmi.edu.in
Hit-Count:

Powered by Koha